|
|
|
|
| LEADER |
02426nam a2200625 a 4500 |
| 001 |
nkc20061690553 |
| 003 |
CZ PrNK |
| 005 |
20061218093731.0 |
| 007 |
ta |
| 008 |
060926s2006 xr a e f 000 0 eng |
| 015 |
|
|
|a cnb001690553
|
| 020 |
|
|
|a 80-7368-258-3
|q (brož.)
|
| 035 |
|
|
|a (OCoLC)85713307
|
| 040 |
|
|
|a BOA001
|b cze
|d ABA001
|
| 043 |
|
|
|a e-xr---
|b e-xr-mo
|a e------
|2 czenas
|
| 072 |
|
7 |
|a 378
|x Vysoké školy
|2 Konspekt
|9 22
|
| 080 |
|
|
|a 378.4
|2 MRF
|
| 080 |
|
|
|a 37.011.3-052-054.68
|2 MRF
|
| 080 |
|
|
|a 37.091.214
|2 MRF
|
| 080 |
|
|
|a 378.14
|2 MRF
|
| 080 |
|
|
|a (437.326)
|2 MRF
|
| 080 |
|
|
|a (4)
|2 MRF
|
| 080 |
|
|
|a (036)
|2 MRF
|
| 110 |
2 |
|
|a Ostravská univerzita
|7 kn20010709317
|
| 245 |
1 |
0 |
|a University of Ostrava :
|b information package for incoming Socrates-Erasmus students
|
| 246 |
3 |
0 |
|a Information package for incoming Socrates-Erasmus students
|
| 246 |
1 |
8 |
|a University of Ostrava - Information package for incoming Socrates-Erasmus students
|
| 250 |
|
|
|a 1st ed.
|
| 260 |
|
|
|a Ostrava :
|b University of Ostrava,
|c 2006
|
| 300 |
|
|
|a 130 s. :
|b barev. il. ;
|c 21 cm
|
| 500 |
|
|
|a Na obálce pod názvem: Education and culture, Socrates, Erasmus
|
| 500 |
|
|
|a 250 výt.
|
| 504 |
|
|
|a Obsahuje bibliografie a bibliografické odkazy
|
| 610 |
2 |
7 |
|a Ostravská univerzita
|7 kn20010709317
|2 czenas
|
| 650 |
0 |
7 |
|a univerzity
|7 ph126937
|z Česko
|2 czenas
|
| 650 |
0 |
7 |
|a zahraniční studenti
|7 ph127524
|z Česko
|2 czenas
|
| 650 |
0 |
7 |
|a vzdělávací programy
|7 ph127309
|z země Evropské unie
|2 czenas
|
| 650 |
0 |
7 |
|a vysokoškolské studium
|7 ph127279
|z Česko
|2 czenas
|
| 650 |
0 |
9 |
|a universities
|z Czechia
|2 eczenas
|
| 650 |
0 |
9 |
|a foreign students
|z Czechia
|2 eczenas
|
| 650 |
0 |
9 |
|a educational programs
|z European Union countries
|2 eczenas
|
| 650 |
0 |
9 |
|a college study
|z Czechia
|2 eczenas
|
| 651 |
|
7 |
|a Ostrava (Česko)
|7 ge128537
|2 czenas
|
| 651 |
|
9 |
|a Ostrava (Czechia)
|2 eczenas
|
| 655 |
|
7 |
|a informační publikace
|7 fd132454
|2 czenas
|
| 655 |
|
9 |
|a information publications
|2 eczenas
|
| 710 |
2 |
|
|a Program Socrates
|7 ko2004244784
|
| 710 |
2 |
|
|a Program Erasmus
|7 kn20061114005
|
| 710 |
2 |
|
|a Evropská komise.
|b Directorate-General for Education and Culture
|7 kn20020403038
|
| 910 |
2 |
|
|a BOA001
|b 2-1175.689
|
| 928 |
9 |
|
|a Ostravská univerzita
|
| 990 |
|
|
|a BK
|
| 995 |
|
|
|a 01
|
| 991 |
|
|
|b 200610
|c NOV
|
| 996 |
6 |
|
|b 2610291916
|c 2-1175.689
|l MZK
|r Sklad / do 1 hodiny
|n 1
|p p.v.
|w 000829157
|u 000010
|a 1
|e BOA001
|j MZK50
|s P
|